00921nam a2200193 a 450000100100000000500170001000800410002702000150006804000240008308200150010724501910012226001040031330000290041750000740044650400310052070000460055195201130059799900170071000004155420201002035633.0131011s1990 sp a 000 0 spa d a8400070933 aDO-SdBNPbspcBNPHU axxxbK622t00aKitâb fî tartîb awqât al-girâsa wa-l-magrûsât :bun tratado agrícola andalusí anónimo /cedición, traducción y estudio con glosario de Angel C. López y López. aGranada :bConsejo Superior de Investigaciones Científicas,bEscuela de Estudios Árabes,c1990. a410 p. :bil., ;c24 cm. aIncluye referencias bibliográficas y notas al pie de las páginas. aBibliografía: p. 395-41012aLópez y López, Ángel C.eed.968295 001050718MOaGRbGRcCTd2013-10-11iLF1l0oxxx K622tp41554-10r2020-06-25w2020-06-25y1ZNo se presta c41044d41044